| 000 | 00981nam a2200229 a 4500 | ||
|---|---|---|---|
| 001 | 000041555 | ||
| 005 | 20201002035634.0 | ||
| 008 | 131011s2002 sp 000 0 spa d | ||
| 020 | _a8400081272 | ||
| 040 |
_aDO-SdBNP _bspa _cBNPHU |
||
| 100 | 1 |
_aAl-Malik, Abd _968296 |
|
| 240 | 1 | 0 |
_aKitab Al-Wadiha _lEspañol-Arabe |
| 245 | 1 | 0 |
_aKitâb Al-Wadiha : _b(tratado jurídico) : fragmentos estraídos del Muntajab al-ahkam de Ibn Abi Zamanin (m. 399/1008); Abd Al-Malik; introducción, edición crítica y traducción por María Arcas Campoy / _cIbn Baq; edición y estudio, Rachid El Hour. |
| 246 | 3 | 1 | _aTratado jurídico |
| 260 |
_aMadrid, : _bConsejo Superior de Investigaciones Científicas, _c2002. |
||
| 300 |
_a164, 126 p. ; _c24 cm. |
||
| 490 | 1 |
_aFuentes Arábico-Hispanas _v27 |
|
| 504 | _aBibliografía p: 159-164 | ||
| 546 | _aTexto en Arabe (maltes) y traducido al español | ||
| 700 | 1 |
_aArcas Campoy, María _968297 |
|
| 830 | 0 |
_aFuentes Arábico-Hispanas _v27 _965581 |
|
| 999 |
_c41045 _d41045 |
||